000 01345nam a2200313 i 4500
001 768714001
003 CO-MdFUSB
005 20250526093404.0
007 ta
008 220211t2005 -usd|||| |||| 00| 0 spa d
020 _a1592720161
040 _aCO-MdFUSB
_bspa
_cCO-MdFUSB
_dCO-MdFUSBC
_erda
041 _aeng
082 _223
_a248.4
_bM244
100 _aMaldonado, Guillermo
_eautor
245 3 _aLa generación del vino nuevo
_c/ Guillermo Maldonado
264 1 _aEstados Unidos :
_bGM Internacional,
_c[2005]
264 4 _c© 2005
300 _a195 páginas
_c; 21 cm
336 _2rdacontent
_atexto
_btxt
337 _2rdamedia
_asin mediación
_bn
338 _2rdacarrier
_avolumen
_bnc
505 _aEl tiempo de cambiar. -- La restauración de todas las cosas. -- La renovación de la mente. -- La influencia del espíritu de Grecia. -- La transformación del creyente. -- La reforma apostólica. -- ¿Qué es un apóstol y cuáles son sus características principales? -- ¿Cuáles son las funciones y deberes de un apóstol? -- La iglesia apostólica con un espíritu apostólico. -- ¿Cuáles son las características de una iglesia apostólica? -- La generación que camina en lo sobrenatural.
563 _aRústico
650 0 _951
_aVida espiritual
650 7 _aCristianismo
_922
942 _cBK
945 _aJTF-925
999 _c67154
_d67154